000 00508nam a22001577a 4500
999 _c1014
_d1014
008 200106b ||||| |||| 00| 0 eng d
082 0 0 _a623.82
_bW238
100 _9254
_aWalton, Thomas
245 1 0 _aSteel ships, their construction and maintenance; a manual for shipbuilders, ship superintendents, students, and marine engineers /
_cby Walton, Thomas.
250 _a8th ed.
260 _aLondon :
_bCharles Griffin,
_c1950.
300 _axi,280p.
365 _d21.09
650 0 _aShip Building
942 _cBK